000 00904nam a2200277Ia 4500
003 OSt
005 20220925215002.0
006 a|||||r|||| 00| 0
007 ta
008 220923b |||||||| |||| 00| 0 eng d
020 _a0313317658
037 _cGeneral Book
040 _aRTL
_cRTL
_beng
041 _2eng
_aeng
082 _aX:89K.1(X).P, P1
100 _aEdgington David W
_9281582
245 0 _aNew regions
_b Concepts issues and practices
260 _aLondon
_bGreen Wood Press
_c2001
300 _axii, 247p
_ccm.
490 _vVol.2
_aNew Regional Development Paradigms; V 2. Contributions in Economics and Economic History; 225. United Nations Centre for Regional Development
500 _aBibliography: P 215-33
650 _a Economics
650 _aLocation
942 _hX:89K.1(X).P, P1
_cGB
_2CC
999 _c567439
_d567439